Purgatorium /

Postapokalyptický román, jehož děj se odehrává v době, kdy je svět zasažen nemocí, která z lidí udělá nemyslící vraždící tvory.

Hlavní autor: Horáková, Jitka
Jazyk: Čeština
Vydáno: Praha : Pointa, 2020
Vydání: První vydání
Témata:
Fyzický popis: 342 stran ; 21 cm
Language note: Český text
Knihy
Uloženo v:
LEADER 01917nam a2200409 i 4500
001 nkc20203274931
003 CZ PrNK
005 20210505094852.0
007 ta
008 201204s2020 xr g 000 f cze
015 |a cnb003274931 
020 |a 978-80-7650-255-0  |q (vázáno) :  |c Kč 329,00 
035 |a (OCoLC)1257529222 
040 |a ABG001  |b cze  |e rda 
072 7 |a 821.162.3-3  |x Česká próza  |2 Konspekt  |9 25 
080 |a 821.162.3-31  |2 MRF 
080 |a (0:82-311.9)  |2 MRF 
100 1 |a Horáková, Jitka  |4 aut 
245 1 0 |a Purgatorium /  |c Jitka Horáková 
250 |a První vydání 
264 1 |a Praha :  |b Pointa,  |c 2020 
300 |a 342 stran ;  |c 21 cm 
336 |a text  |b txt  |2 rdacontent 
337 |a bez média  |b n  |2 rdamedia 
338 |a svazek  |b nc  |2 rdacarrier 
520 2 |a Postapokalyptický román, jehož děj se odehrává v době, kdy je svět zasažen nemocí, která z lidí udělá nemyslící vraždící tvory.  |b Smrt, která žije, není k zastavení. Jsme v daleké budoucnosti a Země je nenapravitelně rozvrácena. Ti, kteří přežili konec světa, musejí každý den bojovat o život. Genesis, dívka, která ztratila paměť, se společně se svými přáteli snaží odolávat nebezpečí, které se jim staví do cesty, a zároveň hledá své ztracené vzpomínky. Brzy však zjišťuje, že za hrozbou v podobě vražedné nákazy ve skutečnosti stojí mnohem vražednější nepřítel. Nakladatelská anotace. 
546 |a Český text 
655 7 |a české romány  |7 fd133974  |2 czenas 
655 7 |a vědecko-fantastické romány  |7 fd133847  |2 czenas 
655 9 |a Czech fiction  |2 eczenas 
655 9 |a science fiction novels  |2 eczenas 
910 2 |a BOA001  |b 2-1460.355 
920 |a 4569250  |z ABG001 
990 |a BK 
995 |a 01 
991 |b 202104  |c NOV 
996 6 |b 2610854039  |c 2-1460.355  |l MZK  |r Sklad / do 1 hodiny  |n 0  |p p.v.  |w 001840973  |u 000010  |a 1  |e BOA001  |j MZK50  |s P